000 00579nam a2200193Ia 4500
005 20250508170224.0
008 008 250505s9999 xx 000 0 eng d
037 _aDissertations
040 _aFEDL
_beng
_cFEDL
041 _aeng
_2eng
084 _a371.39, YAD/DI
_qFEDL
100 _aYadav Meenakshi
245 0 _aRole of digital teachnology for learners with visual impairment: A systematic review
260 _c2023
300 _a66p.
546 _aM.Ed. Dissertation (Delhi University)
942 _cDIS
_h371.39, YAD/DI
999 _c1399880
_d1399880